000 00958nam a22002177a 4500
999 _c1984
_d1984
003 AR-CdUCM
008 190228b ||||| |||| 00| 0 spa d
040 _aMUNICIPALIDAD PROVINCIAL DEL CUSCO
_cBIBLIOTECA MUNICIPAL DEL CUSCO
082 _a320.980 /
_bG79
100 _aGraciarena, Jorge
_97233
245 _aPoder y clases sociales en el desarrollo de América Latina /
_cJorge Graciarena
260 _aBuenos Aires :
_bPaidos,
_c1972.
300 _a284 paginas ;
_c18 cm.
505 _aLas estructuras de poder y la política de desarrollo -- De la oligarquía a la élite de poder: una transición incompleta -- Presiones internas, inestabilidad política y desarrollo económico -- La participación de las masas marginales y el cambio político ...
650 _aDesarrollo económico
_91696
650 _aAmérica Latina
_91130
650 _aClases sociales
_92411
650 _aOligarquía
_93346
942 _2ddc
_cLIBROS
945 _aacv
_d2019-02-28